Kalkulácia ceny
Úloha ceny v exporte a proces tvorby ceny. Stanovenie exportnej ceny. Zohľadnenie nákladov. Exportné náklady. Zohľadnenie dane. Metódy stanovenia exportnej ceny. Metóda domácich nákladov. Metóda plnej ceny. Metóda čiastočných nákladov. Taktika inverzie. Stratégia ceny. Statická alebo fixná cena (Sta...
Na minha lista:
| Autor principal: | |
|---|---|
| Formato: | Capítulo de Livro |
| Idioma: | eslovaco |
| Assuntos: | |
| Tags: |
Sem tags, seja o primeiro a adicionar uma tag!
|
MARC
| LEADER | 00000naa a2200000 4500 | ||
|---|---|---|---|
| 001 | r026593 | ||
| 005 | 20230919113148.2 | ||
| 041 | 0 | |a slo | |
| 044 | |a SK | ||
| 245 | 1 | 0 | |a Kalkulácia ceny |c V. Švač |
| 520 | |a Úloha ceny v exporte a proces tvorby ceny. Stanovenie exportnej ceny. Zohľadnenie nákladov. Exportné náklady. Zohľadnenie dane. Metódy stanovenia exportnej ceny. Metóda domácich nákladov. Metóda plnej ceny. Metóda čiastočných nákladov. Taktika inverzie. Stratégia ceny. Statická alebo fixná cena (Static pricing). Flexibilná alebo variabilná cena. (Flexible pricing). Maximálna cena (Skimming price strategy). Stratégia penetrácie trhu (Market penetration strategy). Príklad kalkulácie ceny. | ||
| 610 | 2 | 0 | |a kalkulácia cenová |
| 610 | 2 | 0 | |a tvorba cien |
| 610 | 2 | 0 | |a vývoz |
| 610 | 2 | 0 | |a náklady |
| 610 | 2 | 0 | |a náklady variabilné |
| 610 | 2 | 0 | |a ceny zahraničnoobchodné |
| 100 | 1 | |a Švač, V. | |